|
|
|
|
| LEADER |
00000nab a2200000 ar4500 |
| 001 |
vtls009493235 |
| 003 |
SK-MaSNL |
| 005 |
20260426071202.0 |
| 008 |
090417c20090409xo |||||||||||000 b|slo |
| 015 |
|
|
|a SNBRB2009/04
|2 snkbucl
|
| 038 |
|
|
|a SNKBUCL
|
| 040 |
|
|
|a SNKBUCL
|b slo
|c SNKBUCL
|e AACR2
|
| 041 |
0 |
|
|a slo
|
| 044 |
|
|
|a xo
|c SK
|
| 080 |
|
|
|a 633.1"324"
|x (437.6)
|2 1997
|
| 100 |
1 |
|
|a Hašana, Roman
|4 aut
|9 20480
|
| 245 |
1 |
0 |
|a Vlahové a teplotné podmienky zatiaľ prajú oziminám
|c Roman Hašana a kol.
|
| 648 |
|
7 |
|a marec 2009
|2 snkbucl
|9 1054500
|
| 650 |
0 |
7 |
|a ozimné obilniny
|2 snkbucl
|9 58554
|
| 650 |
0 |
7 |
|a porasty
|2 snkbucl
|9 590197
|
| 651 |
|
7 |
|a Slovensko
|2 snkbucl
|9 14231
|
| 773 |
0 |
|
|t Sme. Roľnícke noviny
|g Č. 83 (9.4.2009)
|x 1335-440X
|
| 773 |
0 |
8 |
|i Príl.:
|t Roľnícke noviny
|g Č. 15 (9.4.2009), s. 10-11
|
| 852 |
|
|
|a SNK
|b KIS3GCP
|
| 958 |
|
|
|a SK
|
| 999 |
|
|
|c 2675921
|d 2677851
|